000 01821nam a2200277 a 4500
003 MX-MxUPN
005 20240904154311.0
008 240826s2021 ag ||||fr|||| 000 0 spa d
020 _a9789875388369
040 _aMX-MxUPN
_bspa
_cMX-MxUPN
041 0 _aspa
050 1 4 _aLC5800
_bA95 2021
245 0 0 _aAulas híbridas y bimodalidad :
_bentornos integrados de aprendizajes
250 _a1a. edición.
260 _aBuenos Aires, Argentina :
_bNoveduc,
_c2021
300 _a149 páginas
490 0 _aNoveduc gestión ;
_v22
505 0 0 _tLa configuración de entornos integrados de aprendizaje /
_rMaría Belén Barrionuevo Vidal --
_tEnseñar y evaluar en contextos de incertidumbre /
_rMariana Ferrarelli, Mariana Ornique, María José Sabelli, Marta Alicia Tenutto Soldevilla --
_tDe la información y la comunicación (TIC) al aprendizaje y el conocimiento (TAC) para el empoderamiento y la participación (TEP). ¿Cómo implementarlas? /
_rMaría Belén Barrionuevo Vida, Marta Alicia Tenutto Soldevilla --
_tEnseñanza y currículum en la educación bimodal /
_rGerardo Britos --
_tLa enseñanza online hecha realidad /
_rSandra Revale, Cristina Banfi --
_tComunicación dialógica vincular en las instituciones educativas /
_rRaúl Alberto Irigoyen, Marta Alicia Tenutto Soldevilla --
_tEvolución y perspectivas de la salud escolar. Vinculación escuela-universidad para el mejoramiento de los aprendizajes y la salud infantil /
_rAdriana Victoria Camio.
650 4 _aEducación a distancia
_97924
650 4 _aTecnología educativa
_94978
700 1 _aBarrionuevo Vida, María Belén
_953413
_ecoordinación
700 1 _aTenutto Soldevilla, Marta Alicia
_953414
_ecoordinación
902 _aGCH260824
_bVíctor Ruiz/040924
942 _2lcc
_cLIBRO
999 _c211629
_d211629